[Event "Chigorin Memorial 2019"]
[Site "St Petersburg RUS"]
[Date "2019.10.06"]
[Round "2.89"]
[White "Pogorelskikh, Sofia"]
[Black "Terman, Alexander"]
[Result "1-0"]
[WhiteElo "2173"]
[BlackElo "1577"]
[WhiteFideId "44164548"]
[BlackFideId "44157363"]
[EventDate "2019.10.05"]

1. e4 g6 2. d4 Bg7 3. Nc3 d6 4. Be3 a6 5. Qd2 Nd7 6. f3 b5 7. h4 h6 8. O-O-O Bb7
9. g4 Rc8 10. Nge2 c5 11. Ng3 Qa5 12. Kb1 c4 13. h5 b4 14. Nce2 c3 15. Qe1 g5
16. Nf5 Bf6 17. b3 Qc7 18. d5 Rh7 19. Qf2 a5 20. Ned4 Ra8 21. Nb5 Qb8 22. Ba7
Rxa7 23. Qxa7 Qxa7 24. Nxa7 Be5 25. Bb5 Kd8 26. Ne3 Nb6 27. Ng2 Nf6 28. Ne1 Nfd7
29. Nd3 Bf6 30. Bc6 Ba6 31. Bxd7 Kxd7 32. Nc6 Bxd3 33. Rxd3 Rh8 34. Nxa5 Rb8 35.
Nc6 Rb7 36. Nxb4 Nc4 37. Nc6 Na3+ 38. Kc1 Rb6 39. Re1 1-0

[Event "Chigorin Memorial 2019"]
[Site "St Petersburg RUS"]
[Date "2019.10.06"]
[Round "2.90"]
[White "Soloviev, Mikhail"]
[Black "Vasiliev, Georgiy"]
[Result "0-1"]
[WhiteElo "1704"]
[BlackElo "2172"]
[WhiteFideId "54106001"]
[BlackFideId "34126535"]
[EventDate "2019.10.05"]

1. d4 d5 2. Nf3 Nf6 3. e3 Bf5 4. Bd3 Bxd3 5. Qxd3 c6 6. Nbd2 e6 7. c3 Nbd7 8.
O-O Bd6 9. e4 dxe4 10. Nxe4 Nxe4 11. Qxe4 Qc7 12. Re1 O-O 13. Bg5 a5 14. Rad1 a4
15. a3 Rfe8 16. Ne5 Nf8 17. Bf4 Rad8 18. h3 b6 19. Qf3 Rc8 20. Rd2 Red8 21. Red1
f6 22. Nd3 Ng6 23. Bxd6 Qxd6 24. Nb4 Rd7 25. Qe2 b5 26. Qe4 Re7 27. Qf3 Nf8 28.
Nd3 Nd7 29. Qg4 Nb6 30. Nc5 Kh8 31. Ne4 Qd5 32. Nc5 Rce8 33. Nd3 Nc4 34. Nb4 Qd6
35. Rc2 Rd8 36. Qf3 Ne5 37. dxe5 Qxd1+ 38. Qxd1 Rxd1+ 39. Kh2 c5 40. Na6 c4 41.
Re2 f5 42. g4 g6 43. Nb4 Red7 44. gxf5 gxf5 45. Kg3 R7d2 46. Re3 Rxb2 47. f4
Rg1+ 48. Kh4 Rf2 49. Rg3 Rxf4+ 0-1

[Event "Chigorin Memorial 2019"]
[Site "St Petersburg RUS"]
[Date "2019.10.06"]
[Round "2.91"]
[White "Khramov, Andrey"]
[Black "Shceglov, Mikhail"]
[Result "1-0"]
[WhiteElo "2159"]
[BlackElo "1590"]
[WhiteFideId "24199257"]
[BlackFideId "44164130"]
[EventDate "2019.10.05"]

1. e4 c5 2. Nf3 d6 3. Bb5+ Bd7 4. Bxd7+ Qxd7 5. d4 cxd4 6. Nxd4 Nf6 7. f3 Nc6 8.
c4 g6 9. b3 Bg7 10. Bb2 O-O 11. Nc3 e6 12. O-O d5 13. Nxc6 bxc6 14. e5 Ne8 15.
Ba3 Bxe5 16. Bxf8 Kxf8 17. Qd2 Nd6 18. Rac1 d4 19. Na4 Nf5 20. f4 Bd6 21. c5 Be7
22. Nb2 h5 23. b4 Bf6 24. Qd3 Rb8 25. a3 a5 26. Nc4 axb4 27. Nb6 Qc7 28. axb4 e5
29. b5 cxb5 30. Qxb5 Rd8 31. c6 Ne3 32. Nd7+ Kg7 33. fxe5 Bxe5 34. Nxe5 Nxf1 35.
Rxf1 f6 36. Nd3 Rb8 37. Qc4 Rb6 38. Rc1 Kh6 39. Qc5 h4 40. Qxb6 Qxb6 41. c7 Qb3
42. Nf2 d3 43. c8=Q d2 44. Rd1 Qe3 45. Qc4 Qe1+ 46. Qf1 Qe3 47. Kh1 f5 48. Nh3
g5 49. Qxf5 Qe1+ 50. Qf1 Qe3 51. Qf6+ Kh5 52. Qf3+ 1-0

[Event "Chigorin Memorial 2019"]
[Site "St Petersburg RUS"]
[Date "2019.10.06"]
[Round "2.92"]
[White "Matveev, Ivan A."]
[Black "Ovezdurdiyeva, Jemal"]
[Result "1-0"]
[BlackTitle "WFM"]
[WhiteElo "1674"]
[BlackElo "2117"]
[WhiteFideId "24262790"]
[BlackFideId "14001888"]
[EventDate "2019.10.05"]

1. e4 c5 2. Nf3 d6 3. d4 cxd4 4. Nxd4 Nf6 5. Nc3 a6 6. Be2 e5 7. Nb3 Be6 8. Bg5
Nbd7 9. O-O Be7 10. Qd2 O-O 11. Rad1 Rc8 12. Rfe1 Qc7 13. Bd3 h6 14. Bh4 b5 15.
Ne2 Rfd8 16. h3 Nc5 17. Bxf6 Bxf6 18. Nc3 Bg5 19. Qe2 Nxd3 20. cxd3 b4 21. Nd5
Bxd5 22. exd5 Qb7 23. Qe4 Rc2 24. Na5 Qb6 25. d4 Rxb2 26. Nc4 1-0

[Event "Chigorin Memorial 2019"]
[Site "St Petersburg RUS"]
[Date "2019.10.06"]
[Round "2.93"]
[White "Skuratovich, Yakov"]
[Black "Frolov, Zakhar"]
[Result "1-0"]
[WhiteElo "2097"]
[BlackElo "1213"]
[WhiteFideId "24116785"]
[BlackFideId "34428380"]
[EventDate "2019.10.05"]

1. e4 e5 2. Nf3 Nc6 3. Nc3 Bc5 4. Bc4 d6 5. h3 Be6 6. Bb3 Nf6 7. d3 Qd7 8. Na4
Bb6 9. Nxb6 axb6 10. Be3 Bxb3 11. axb3 Rxa1 12. Qxa1 O-O 13. O-O d5 14. exd5
Nxd5 15. Bd2 Re8 16. Qa4 Nf6 17. Re1 Qd6 18. Bc3 Nd7 19. Nxe5 Ncxe5 20. Bxe5
Rxe5 21. Rxe5 Qxe5 22. Qxd7 Qe1+ 23. Kh2 Qe5+ 24. g3 g6 25. Kg2 Qc5 26. c3 Qc6+
27. Qxc6 bxc6 28. Kf3 Kf8 29. Kf4 f6 30. h4 Ke7 31. g4 Ke6 32. Ke4 h6 33. b4 Kd6
34. b3 Ke6 35. c4 Kd6 36. d4 c5 37. bxc5+ bxc5 38. f4 cxd4 39. Kxd4 c5+ 40. Kc3
g5 41. hxg5 hxg5 42. fxg5 fxg5 43. b4 cxb4+ 44. Kxb4 Kc6 45. c5 Kc7 46. Kc4 Kc6
47. Kd4 Kc7 48. Ke5 Kc6 49. Kf5 Kxc5 50. Kxg5 Kd5 51. Kf6 1-0

[Event "Chigorin Memorial 2019"]
[Site "St Petersburg RUS"]
[Date "2019.10.06"]
[Round "2.94"]
[White "Savinov, Leonid"]
[Black "Stepanov, Artem"]
[Result "1-0"]
[WhiteElo "2086"]
[BlackElo "1401"]
[WhiteFideId "4166264"]
[BlackFideId "34253769"]
[EventDate "2019.10.05"]

1. c4 Nf6 2. Nc3 g6 3. Nf3 d6 4. g3 Bg7 5. Bg2 c6 6. O-O Nbd7 7. d4 O-O 8. e4 e5
9. Re1 Qe7 10. b3 Rd8 11. Ba3 Ne8 12. Qd2 Qf6 13. Rad1 Nc7 14. dxe5 dxe5 15. Qd6
Ne6 16. Qe7 Qxe7 17. Bxe7 Re8 18. Bd6 a5 19. Na4 b6 20. Rc1 Ra7 21. Red1 Nd8 22.
Bh3 Ne6 23. Bxe6 Rxe6 24. Nxb6 Rxd6 25. Rxd6 Nxb6 26. Rxc6 Bg4 27. Kg2 Nd7 28.
h3 Be6 29. Ng5 Nb8 30. Rd6 Bd7 31. Rcd1 a4 32. Rb6 Ra8 33. Rxb8+ Rxb8 34. Rxd7
axb3 35. axb3 Rxb3 36. Nxf7 Rc3 37. Rc7 1-0

[Event "Chigorin Memorial 2019"]
[Site "St Petersburg RUS"]
[Date "2019.10.06"]
[Round "2.95"]
[White "Shaymardanov, Bakhtiyar"]
[Black "Lvov, Nikita"]
[Result "1/2-1/2"]
[WhiteElo "1470"]
[BlackElo "2079"]
[WhiteFideId "34348190"]
[BlackFideId "24200212"]
[EventDate "2019.10.05"]

1. d4 Nf6 2. c4 g6 3. Nc3 d5 4. Nf3 Bg7 5. e3 O-O 6. Qb3 c6 7. Bd2 Qb6 8. Qxb6
axb6 9. cxd5 Nxd5 10. Nxd5 cxd5 11. Bd3 Nc6 12. O-O Bg4 13. Rfc1 Rfc8 14. Rc2
Bxf3 15. gxf3 e5 16. Rac1 exd4 17. exd4 Bxd4 18. Bb5 Rxa2 19. Bxc6 bxc6 20. Rxc6
Rxc6 21. Rxc6 Kg7 22. Bc3 Bxc3 23. bxc3 Rc2 24. Rxb6 Rxc3 25. Rd6 Rc5 26. Kg2
Kf8 27. Ra6 Ke7 28. Ra7+ Ke6 29. Ra6+ Kd7 30. f4 Rc6 31. Ra7+ Ke6 32. Kf3 Rd6
33. Ra4 d4 34. Ke2 d3+ 35. Kd2 h6 36. Rb4 Kf5 37. h3 f6 38. Ra4 h5 39. Rb4 Ra6
40. Kxd3 Ra3+ 41. Ke2 Rxh3 42. f3 Rh1 43. Ke3 Re1+ 44. Kf2 Ra1 45. Kg3 Ra5 46.
Rc4 g5 47. fxg5 fxg5 48. Rb4 h4+ 49. Kg2 Ra2+ 50. Kg1 h3 51. Rg4 Rb2 52. Rg3 h2+
53. Kh1 Rf2 54. Rh3 Kf4 55. Rh5 Rd2 56. Rh3 Re2 57. Rh5 Rf2 58. Rh3 Rxf3 59.
Rxh2 Ra3 60. Rb2 Kf3 61. Rb1 Kg3 62. Rg1+ Kh4 63. Rb1 Kh3 64. Kg1 g4 65. Rc1 Rb3
66. Ra1 Kg3 67. Rc1 Rd3 68. Ra1 Re3 69. Rb1 Re2 70. Rb3+ Kh4 71. Rb1 Kh3 72.
Rb3+ g3 73. Rb1 1/2-1/2

[Event "Chigorin Memorial 2019"]
[Site "St Petersburg RUS"]
[Date "2019.10.06"]
[Round "2.97"]
[White "Mikaelyan, Arman"]
[Black "Kotlyar, Anfisa"]
[Result "1-0"]
[WhiteTitle "GM"]
[WhiteElo "2479"]
[BlackElo "1118"]
[WhiteFideId "13304852"]
[BlackFideId "24216291"]
[EventDate "2019.10.05"]

1. e4 c6 2. d3 d5 3. Nd2 dxe4 4. dxe4 Nf6 5. Ngf3 Bg4 6. h3 Bh5 7. Bd3 e6 8. Qe2
Nbd7 9. b3 Bb4 10. Bb2 Qa5 11. g4 Bxd2+ 12. Qxd2 Qxd2+ 13. Nxd2 Bg6 14. f4 h6
15. f5 exf5 16. gxf5 Bh7 17. Rg1 Rg8 18. e5 Nd5 19. Ne4 Nf4 20. Bc4 b5 21. Nd6+
Ke7 22. Bxf7 Nxe5 23. Bxe5 Nxh3 24. Rxg7 Rxg7 25. f6+ Kd8 26. fxg7 1-0

[Event "Chigorin Memorial 2019"]
[Site "St Petersburg RUS"]
[Date "2019.10.06"]
[Round "2.98"]
[White "Zelenskaya, Anastasiya"]
[Black "Biriukov, Ilja"]
[Result "1-0"]
[BlackTitle "IM"]
[WhiteElo "1826"]
[BlackElo "2349"]
[WhiteFideId "54112540"]
[BlackFideId "4113373"]
[EventDate "2019.10.05"]

1. e4 c5 2. Nf3 g6 3. d4 cxd4 4. Nxd4 Bg7 5. Nc3 Nc6 6. Be3 Nf6 7. Nxc6 bxc6 8.
e5 Ng8 9. Bd4 Nh6 10. e6 O-O 11. Bxg7 Kxg7 12. Qd4+ f6 13. exd7 Qxd7 14. Qxd7
Bxd7 15. O-O-O Bg4 16. f3 Be6 17. Ba6 Rad8 18. Bb7 c5 19. Rhe1 Rxd1+ 20. Rxd1
Rb8 21. Bd5 Kf7 22. Ne4 Rc8 23. Ng3 Rc7 24. c4 f5 25. h4 Bxd5 26. Rxd5 Ng8 27.
h5 Nf6 28. hxg6+ hxg6 29. Re5 Nd7 30. Re1 e5 31. Ne2 Kf6 32. Nc3 Nb6 33. b3 Rh7
34. a4 a5 35. Rd1 Kg5 36. Rd6 Nd7 37. Ra6 Rh2 38. Rxa5 Rxg2 39. Ra7 Nf6 40. a5
e4 41. fxe4 Nxe4 42. Nxe4+ fxe4 43. Re7 Kf4 44. a6 Ra2 45. a7 g5 46. b4 cxb4 47.
c5 e3 48. c6 e2 49. c7 Rxa7 50. c8=Q Rxe7 51. Qf8+ Kg3 52. Qxe7 1-0

[Event "Chigorin Memorial 2019"]
[Site "St Petersburg RUS"]
[Date "2019.10.06"]
[Round "2.99"]
[White "Kovalev, Vitaly"]
[Black "Golovchenko, Bogdan"]
[Result "1-0"]
[WhiteElo "2240"]
[BlackElo "1824"]
[WhiteFideId "24120588"]
[BlackFideId "54198607"]
[EventDate "2019.10.05"]

1. g3 d5 2. Bg2 e6 3. d3 Be7 4. Nf3 Nf6 5. O-O c5 6. Nbd2 Nc6 7. c3 O-O 8. e4 d4
9. c4 e5 10. Ne1 Ne8 11. f4 f6 12. f5 Nd6 13. g4 a6 14. h4 b5 15. b3 bxc4 16.
bxc4 Bd7 17. Qf3 Rb8 18. Nc2 a5 19. Qg3 a4 20. Nf3 Nb4 21. Nce1 Qa5 22. Bd2 a3
23. g5 Rfe8 24. h5 Qa4 25. h6 Nc2 26. g6 Bf8 27. gxh7+ Kxh7 28. Qg6+ Kg8 29. Ng5
fxg5 30. f6 Re6 31. hxg7 Rxf6 32. gxf8=Q+ Kxf8 33. Qxf6+ Kg8 34. Qxg5+ Kh7 35.
Rf6 1-0

[Event "Chigorin Memorial 2019"]
[Site "St Petersburg RUS"]
[Date "2019.10.06"]
[Round "2.101"]
[White "Dudarev, V."]
[Black "Kudin, Alexander"]
[Result "1/2-1/2"]
[WhiteElo "2127"]
[BlackElo "1824"]
[WhiteFideId "4124413"]
[BlackFideId "24248550"]
[EventDate "2019.10.05"]

1. d4 Nf6 2. c4 g6 3. Nc3 Bg7 4. e4 d6 5. Be2 O-O 6. Be3 a6 7. d5 Re8 8. h3 e6
9. Nf3 exd5 10. exd5 Nh5 11. Qd2 f5 12. Bg5 Bf6 13. O-O Nd7 14. Rfe1 Ne5 15.
Bxf6 Nxf6 16. Nd4 c5 17. dxc6 bxc6 18. f4 Qb6 19. Na4 Qa7 20. fxe5 dxe5 21. c5
exd4 22. Bc4+ Kh8 23. Qxd4 Qg7 24. Nb6 Rb8 25. Rxe8+ Nxe8 26. Qxg7+ Kxg7 27. Rd1
Bb7 28. Rd7+ Kh6 29. Rf7 Ng7 30. g4 fxg4 31. hxg4 Ne8 32. Kf2 Kg5 33. Rf8 Rd8
34. Bf7 Rd2+ 35. Ke3 Rxb2 36. Rxe8 a5 37. Bc4 Rb1 38. Rb8 Re1+ 39. Kf3 Re7 40.
Rf8 h5 41. gxh5 gxh5 42. Rf7 Rxf7+ 43. Bxf7 h4 44. a4 Kf6 45. Bb3 Ke5 46. Nc4+
Kd4 47. Nxa5 Ba8 48. Bd1 Kxc5 49. Nb3+ Kb4 50. Nd2 c5+ 51. Kg4 Bc6 1/2-1/2

[Event "Chigorin Memorial 2019"]
[Site "St Petersburg RUS"]
[Date "2019.10.06"]
[Round "2.102"]
[White "Nikitin, Vladimir"]
[Black "Michelle Catherina, P"]
[Result "0-1"]
[BlackTitle "WIM"]
[WhiteElo "1821"]
[BlackElo "2123"]
[WhiteFideId "24184187"]
[BlackFideId "5005736"]
[EventDate "2019.10.05"]

1. Nf3 d5 2. g3 Bg4 3. Bg2 Nd7 4. d3 e5 5. Nbd2 Ngf6 6. c4 c6 7. h3 Be6 8. O-O
h6 9. b3 Bd6 10. Bb2 O-O 11. a3 a5 12. Nh4 Re8 13. Rc1 Qe7 14. Nb1 e4 15. cxd5
cxd5 16. f4 exf3 0-1

[Event "Chigorin Memorial 2019"]
[Site "St Petersburg RUS"]
[Date "2019.10.06"]
[Round "2.103"]
[White "Kolchin, Maxim"]
[Black "Shilo, Kirill"]
[Result "1-0"]
[WhiteElo "2077"]
[BlackElo "1824"]
[WhiteFideId "34147222"]
[BlackFideId "34157082"]
[EventDate "2019.10.05"]

1. d4 Nf6 2. Nf3 g6 3. Bf4 d6 4. e3 Nh5 5. Bg5 h6 6. Bh4 g5 7. Nfd2 Ng7 8. Bg3
Nf5 9. Bd3 Bg7 10. c3 Nxg3 11. hxg3 Nd7 12. Na3 e5 13. g4 Nf6 14. f3 Nd5 15. Kf2
Qe7 16. Nc2 c5 17. dxc5 dxc5 18. Ne4 O-O 19. Ng3 Be6 20. Qe2 Qc7 21. Na3 Ne7 22.
Qc2 Rad8 23. Nb5 Qc8 24. Rad1 Qc6 25. c4 a6 26. Nc3 Qc8 27. a3 Rd7 28. Nf5 Bxf5
29. gxf5 f6 30. g4 Rfd8 31. Be4 Rxd1 32. Nxd1 Qd7 33. Ke2 Qc7 34. Nc3 Kh7 35.
Qb3 Rd7 36. Bd5 e4 37. Nxe4 Nxd5 38. cxd5 c4 39. Qc3 Rf7 40. d6 Qb6 41. Rd1 Rf8
42. Rd2 Qc6 43. d7 Rd8 44. Rd6 Qc7 45. Qd4 Kh8 46. Nxf6 c3 47. bxc3 Qa5 48. Re6
Qb5+ 49. c4 1-0

[Event "Chigorin Memorial 2019"]
[Site "St Petersburg RUS"]
[Date "2019.10.06"]
[Round "2.104"]
[White "Khadzhiev, Valery"]
[Black "Shemyakinskiy, Nikita"]
[Result "1/2-1/2"]
[WhiteElo "2056"]
[BlackElo "1816"]
[WhiteFideId "34154601"]
[BlackFideId "44170025"]
[EventDate "2019.10.05"]

1. d4 Nf6 2. Nf3 e6 3. e3 b6 4. Bd3 Bb7 5. Nbd2 c5 6. c3 d5 7. Ne5 Bd6 8. f4 O-O
9. O-O Ne4 10. Qc2 f5 11. Be2 Nd7 12. Nxe4 fxe4 13. Bd2 Qe7 14. Qa4 Nxe5 15.
fxe5 Rxf1+ 16. Rxf1 Bc7 17. Ba6 Bxa6 18. Qxa6 Rf8 19. Rxf8+ Kxf8 20. Qxa7 c4 21.
Qa4 Qf7 22. Qd1 Qd7 23. b3 Qb5 24. h3 Qa6 25. bxc4 Qxc4 26. Qf1+ Qxf1+ 27. Kxf1
Ke7 28. Ke2 Kd7 29. Kd1 Bd8 30. Kc2 Kc6 31. Kb3 b5 32. g3 h5 33. Bc1 g6 34. Kc2
Be7 35. Kd2 Kb6 36. Kc2 Kc6 37. Kb3 Bd8 38. Bd2 Kb6 39. Be1 Bg5 40. Bd2 Be7 41.
Kc2 Kc6 42. Kd1 Kb6 43. Ke2 Kc6 44. Be1 b4 45. Kd2 Kb5 46. Kc2 bxc3 47. Bxc3 Kc4
48. Ba5 Bg5 49. Kd2 Be7 50. Bc7 Bb4+ 51. Kc2 Be1 52. g4 hxg4 53. hxg4 Kb5 54.
Bd6 Ka4 55. Be7 Bb4 56. Bd6 Be1 57. Kd1 Bb4 58. Bc7 Ba5 59. Bb8 Bb4 60. Bc7 Ba5
61. Bxa5 Kxa5 62. Kd2 Kb4 63. Kc2 g5 64. Kb2 Kc4 65. Kc2 Kb4 66. Kd2 Kc4 67. Kc2
Kb4 68. Kb2 Kc4 1/2-1/2

[Event "Chigorin Memorial 2019"]
[Site "St Petersburg RUS"]
[Date "2019.10.06"]
[Round "2.105"]
[White "Shojhet, Sofiy"]
[Black "Vetokhin, Savva"]
[Result "0-1"]
[BlackTitle "CM"]
[WhiteElo "1813"]
[BlackElo "2071"]
[WhiteFideId "24172405"]
[BlackFideId "44144474"]
[EventDate "2019.10.05"]

1. Nf3 d5 2. e3 Nf6 3. d4 Bf5 4. Be2 e6 5. O-O Bd6 6. b3 O-O 7. c4 c6 8. Bb2 h6
9. Nc3 Nbd7 10. c5 Bc7 11. b4 e5 12. a4 e4 13. Nd2 Nh7 14. Re1 Qh4 15. Nf1 Ndf6
16. b5 Ng5 17. Qc2 Ng4 18. g3 Qh3 19. f4 exf3 20. Qxf5 Qg2# 0-1

[Event "Chigorin Memorial 2019"]
[Site "St Petersburg RUS"]
[Date "2019.10.06"]
[Round "2.106"]
[White "Khaliullin, Albert"]
[Black "Mekanova, Annagozel"]
[Result "1-0"]
[BlackTitle "WFM"]
[WhiteElo "2053"]
[BlackElo "1809"]
[WhiteFideId "44136242"]
[BlackFideId "14003902"]
[EventDate "2019.10.05"]

1. e4 c6 2. d4 d5 3. e5 Bf5 4. Nd2 e6 5. Nb3 Nd7 6. Nf3 h6 7. Be2 Ne7 8. O-O Bh7
9. Bd2 Nf5 10. Rc1 Be7 11. g4 Nh4 12. Nxh4 Bxh4 13. f4 Qb6 14. Ba5 Be4 15. Bxb6
axb6 16. Bf3 f5 17. Bxe4 fxe4 18. a3 g6 19. c4 Ke7 20. cxd5 exd5 21. Rc3 Raf8
22. Rh3 g5 23. f5 Nb8 24. Na1 Na6 25. Nc2 Nc7 26. Ne3 Ne8 27. Qb3 1-0

[Event "Chigorin Memorial 2019"]
[Site "St Petersburg RUS"]
[Date "2019.10.06"]
[Round "2.107"]
[White "Kuzmichev, Danil"]
[Black "Gilyazitdinov, Nikita"]
[Result "0-1"]
[WhiteElo "1808"]
[BlackElo "2050"]
[WhiteFideId "54174511"]
[BlackFideId "4184106"]
[EventDate "2019.10.05"]

1. e4 e5 2. Nf3 Nc6 3. Bc4 Bc5 4. c3 Nf6 5. d4 exd4 6. cxd4 Bb4+ 7. Nc3 Nxe4 8.
O-O Bxc3 9. d5 Ne7 10. bxc3 O-O 11. Re1 Nd6 12. Bd3 Ng6 13. Ba3 b6 14. Nd4 Qg5
15. Nb5 Nf4 16. Qf3 Nxd3 17. Qxd3 Ba6 18. c4 Bxb5 19. cxb5 Rfe8 20. Rec1 Rac8
21. Rc2 Qe5 22. Rf1 h5 23. h3 Qf5 24. Qxf5 Nxf5 25. Rd1 h4 26. Bb2 Nd6 27. a4
Re4 28. Rd4 Rxd4 29. Bxd4 Nf5 30. Bb2 d6 31. Ba3 f6 32. Rc3 Kf7 33. g4 Ne7 34.
Rc4 Ke8 35. f4 Kd7 36. Rd4 a6 37. bxa6 Ra8 38. Bb4 Rxa6 39. Be1 Ra8 40. Kg2 c5
41. dxc6+ Nxc6 42. Rc4 d5 43. Rc3 Rxa4 44. Bxh4 Rxf4 45. Rd3 Ke6 46. Rb3 Rb4 47.
Rxb4 Nxb4 48. Bf2 b5 49. Kf3 Nc6 50. Ke3 b4 51. Kd3 Ne5+ 52. Kd4 b3 53. Kc3 b2
54. Kc2 Nc4 55. Bd4 g6 56. h4 f5 57. h5 gxh5 58. gxh5 Kf7 59. Kb1 Kg8 60. Bf6 f4 0-1

[Event "Chigorin Memorial 2019"]
[Site "St Petersburg RUS"]
[Date "2019.10.06"]
[Round "2.108"]
[White "Davydova, Kira"]
[Black "Sladkov, Andrey"]
[Result "1-0"]
[WhiteElo "1961"]
[BlackElo "1806"]
[WhiteFideId "34166120"]
[BlackFideId "24160350"]
[EventDate "2019.10.05"]

1. d4 Nf6 2. Nf3 d5 3. c4 c6 4. e3 Bf5 5. Nc3 e6 6. Nh4 Bg4 7. Qb3 Qb6 8. h3 Bh5
9. g4 Bg6 10. Nxg6 hxg6 11. Bg2 dxc4 12. Qxc4 Nbd7 13. Qe2 Be7 14. O-O Nd5 15.
e4 Nxc3 16. bxc3 Qa5 17. Bd2 Bg5 18. f4 Bf6 19. Rfd1 O-O 20. Qf2 Qc7 21. Rac1
Rfd8 22. e5 Be7 23. c4 Qb6 24. Be3 Qa5 25. d5 Bc5 26. dxc6 Bxe3 27. Qxe3 Nc5 28.
cxb7 Rab8 29. Rxd8+ Rxd8 30. Rb1 Na6 31. Qxa7 1-0

[Event "Chigorin Memorial 2019"]
[Site "St Petersburg RUS"]
[Date "2019.10.06"]
[Round "2.109"]
[White "Kundianok, Vladislav"]
[Black "Bulsoev, Alexander"]
[Result "0-1"]
[WhiteElo "2043"]
[BlackElo "1802"]
[WhiteFideId "44157819"]
[BlackFideId "44122276"]
[EventDate "2019.10.05"]

1. e4 e5 2. Nf3 Nf6 3. Nxe5 d6 4. Nf3 Nxe4 5. Nc3 Nxc3 6. dxc3 Be7 7. Be3 Nc6 8.
Qd2 Be6 9. O-O-O Qd7 10. h4 a6 11. Ng5 O-O-O 12. Kb1 Kb8 13. Nxe6 Qxe6 14. g3
Bf6 15. Bg2 Rhe8 16. Bd5 Qd7 17. f4 h5 18. Rhe1 Re7 19. c4 Rde8 20. Bf3 g6 21.
c3 Qf5+ 22. Ka1 Na5 23. b3 Nc6 24. Bxc6 bxc6 25. Kb2 Qg4 26. Rc1 Qf3 27. Qf2
Bxc3+ 28. Rxc3 Qxf2+ 29. Bxf2 Rxe1 30. Bxe1 Rxe1 31. a3 Kb7 32. Kc2 d5 33. Rd3
Rg1 34. Kc3 Kb6 35. Kd4 dxc4 36. bxc4 Rb1 37. Ke5 Kc5 38. Kf6 Kxc4 39. Rf3 Rb6
40. Kxf7 c5 41. f5 gxf5 42. Rxf5 Rb3 43. Rf4+ Kd5 44. Rf5+ Kd4 45. Rf4+ Ke5 46.
Ra4 Rb6 47. Rf4 Rb3 48. Ra4 Kd5 49. Kg6 c4 50. Ra5+ c5 51. Rxa6 Rxg3+ 52. Kf5 c3 0-1

[Event "Chigorin Memorial 2019"]
[Site "St Petersburg RUS"]
[Date "2019.10.06"]
[Round "2.110"]
[White "Akhmedov, David"]
[Black "Shalagin, Vladimir"]
[Result "1/2-1/2"]
[WhiteElo "1785"]
[BlackElo "2042"]
[WhiteFideId "34220194"]
[BlackFideId "34191990"]
[EventDate "2019.10.05"]

1. e4 e6 2. d3 d5 3. Nd2 Nf6 4. Ngf3 dxe4 5. dxe4 c5 6. g3 Nc6 7. Bg2 Be7 8. O-O
O-O 9. c3 Qc7 10. Qe2 b6 11. Nc4 Ba6 12. b3 Na5 13. Bf4 Qc8 14. Nfd2 Rd8 15.
Rfd1 Qd7 16. Bg5 Rac8 17. Bxf6 Bxf6 18. e5 Be7 19. Qg4 Nxc4 20. Nxc4 Qc7 21. f4
Bxc4 22. bxc4 g6 23. Be4 Rxd1+ 24. Rxd1 Rd8 25. Kf2 Rxd1 26. Qxd1 Qd8 27. Qxd8+
Bxd8 28. Ke2 f6 29. exf6 Bxf6 30. Kd3 Kg7 31. Kc2 h5 32. Kb3 Kh6 33. Ka4 g5 34.
Kb5 g4 35. Ka6 Bxc3 36. Kxa7 Ba5 37. Kb7 Kg7 38. Kc6 Kf6 39. Kd6 Bc3 40. Kc7 Ba5
41. Kd7 e5 42. fxe5+ Kxe5 43. Bg6 Kf6 44. Bxh5 Kg5 45. Bf7 Kf6 46. Be6 Kg5 47.
Kc6 Kh5 48. Kd5 1/2-1/2

[Event "Chigorin Memorial 2019"]
[Site "St Petersburg RUS"]
[Date "2019.10.06"]
[Round "2.111"]
[White "Antonian, Grant"]
[Black "Paltusov, Sergei"]
[Result "1/2-1/2"]
[WhiteElo "2039"]
[BlackElo "1798"]
[WhiteFideId "24197807"]
[BlackFideId "24128147"]
[EventDate "2019.10.05"]

1. e4 c6 2. d4 d5 3. Nc3 dxe4 4. Nxe4 Nd7 5. Nf3 Ngf6 6. Nxf6+ Nxf6 7. Bd3 Bg4
8. c3 e6 9. h3 Bh5 10. Bg5 Be7 11. Qe2 Qd5 12. Bxf6 Bxf6 13. Be4 Qa5 14. Qc4 Bg6
15. Bxg6 hxg6 16. O-O-O Qd5 17. Qxd5 cxd5 18. a4 Kd7 19. Kc2 Rhc8 20. Ra1 Rc6
21. Kd2 a5 22. Rhe1 Rb6 23. Ra2 Rc8 24. Re2 Rd6 25. Ne1 Rdc6 26. Nd3 b6 27. Ra1
R6c7 28. Ree1 Kd6 29. Re2 Kd7 30. Ra3 Kc6 31. Ra1 Kd6 32. Ra3 Kc6 33. Ra1 Kd6
34. Ra3 Rc6 1/2-1/2

[Event "Chigorin Memorial 2019"]
[Site "St Petersburg RUS"]
[Date "2019.10.06"]
[Round "2.112"]
[White "Kiselev, Viktor"]
[Black "Mkrtchyan, Mariam"]
[Result "0-1"]
[BlackTitle "WCM"]
[WhiteElo "1773"]
[BlackElo "2039"]
[WhiteFideId "24119075"]
[BlackFideId "13310828"]
[EventDate "2019.10.05"]

1. e4 d6 2. d4 g6 3. Nf3 Bg7 4. Bc4 Nf6 5. Nbd2 O-O 6. O-O c6 7. Qe2 d5 8. exd5
cxd5 9. Bd3 Nc6 10. c3 Bg4 11. h3 Bxf3 12. Nxf3 e6 13. Bg5 Qc7 14. Qd2 Rfc8 15.
Rae1 a6 16. Re2 b5 17. a3 Na5 18. Bf4 Qb7 19. Rfe1 Nc4 20. Qc1 Qe7 21. Bg5 a5
22. Ne5 Qc7 23. Bf4 Qb7 24. Bg5 Nxe5 25. dxe5 Nd7 26. Bf4 b4 27. Qd2 bxc3 28.
bxc3 Qb3 29. Rc1 Qxa3 30. Bb5 Nc5 31. Qd1 Ne4 32. Rec2 Rxc3 33. Rxc3 Nxc3 34.
Qd3 Bxe5 35. Bd2 Rc8 36. Kf1 d4 37. f4 Bf6 38. g4 a4 39. f5 exf5 40. gxf5 Rc5
41. Be8 Rxf5+ 42. Kg2 Qe7 43. Re1 Re5 44. Rxe5 Qxe5 45. Bc6 a3 46. Qa6 Qe2+ 47.
Qxe2 Nxe2 48. Bd5 Nc3 49. Bb3 a2 50. Bxa2 Nxa2 51. Kf3 Nc3 52. Kf4 Kf8 53. Kg3
Ke7 54. Bc1 Kd6 55. Kg4 Kd5 56. h4 h5+ 57. Kf3 Bxh4 58. Bf4 g5 59. Bd2 Ne4 60.
Bxg5 Bxg5 0-1

[Event "Chigorin Memorial 2019"]
[Site "St Petersburg RUS"]
[Date "2019.10.06"]
[Round "2.113"]
[White "Dudarev, Vladislav"]
[Black "Tsoi, Matvey"]
[Result "0-1"]
[WhiteElo "2034"]
[BlackElo "1774"]
[WhiteFideId "54134862"]
[BlackFideId "54108802"]
[EventDate "2019.10.05"]

1. c4 e5 2. Nc3 Bb4 3. g3 Bxc3 4. dxc3 d6 5. Bg2 f5 6. Nf3 Nf6 7. O-O O-O 8. Bg5
Qe8 9. c5 e4 10. Ne1 Qh5 11. Qd2 Nc6 12. cxd6 cxd6 13. f3 d5 14. g4 Qf7 15. Bxf6
gxf6 16. c4 dxc4 17. gxf5 Bxf5 18. fxe4 Bg6 19. Nf3 Rad8 20. Qf4 Nd4 21. Nxd4
Rxd4 22. Qe3 Rfd8 23. e5 f5 24. e6 Qe7 25. Qe5 R4d6 26. Bxb7 Rxe6 27. Bd5 Qc5+
28. e3 Qxd5 29. Qxd5 Rxd5 30. Rac1 Re4 31. Rf4 Rxf4 32. exf4 Rd4 33. Kg2 Rxf4
34. Rd1 Re4 35. Rd8+ Re8 36. Rd2 Kf7 37. Kf2 Kf6 38. Rd6+ Re6 39. Rd4 Rb6 40.
Rd2 f4 41. Kf3 Ke5 42. Re2+ Kf5 43. Rc2 Bh5+ 44. Kf2 f3 45. Kf1 Bf7 46. Rd2 Ke4
47. Rd7 Bd5 48. b3 c3 0-1